| 000 | 01931nam0a2200361 i 4500 | ||
|---|---|---|---|
| 001 | RU\NLR\BIBL_A\011166509 | ||
| 005 | 20260407064103.0 | ||
| 010 |
_a9785443100920 _91000 |
||
| 021 |
_aRU _b2016-47760 _93072 |
||
| 035 | _a(NILC)RuMoRGB-008517646 | ||
| 035 | _a(NLR Aleph) 011166509 | ||
| 090 |
_a11744703 _c11744703 |
||
| 100 | _a20160627d2016 km y0rusy50 ca | ||
| 101 | 0 | _arus | |
| 102 | _aRU | ||
| 105 | _aa|||g|||000yy | ||
| 200 | 1 |
_aВодоплавающие и околоводные птицы _eатлас-определитель _fМ-во природных ресурсов и экологии Российской Федерации, Федеральное гос. бюджетное учреждение "Нац. парк "Лосиный остров" _g[сост.: Е. В. Арсеньева] |
|
| 210 |
_aМосква _cЛосиный остров _d2016 |
||
| 215 |
_a96 с. _cил., цв. ил. _d17 |
||
| 225 | 1 | _aФлора и фауна Лосиного Острова | |
| 320 | _aБиблиогр.: с. 94 (8 назв.) | ||
| 320 | _aАлф. указ. рус. назв. млекопитающих и алф. указ. лат. назв. млекопитающих: с. 92-93 | ||
| 601 | 0 | 0 |
_a"Лосиный Остров", природный национальный парк _cМосква _xОрнитологические исследования _92293243 _3RU\NLR\AUTH\6601600597 |
| 606 |
_aВодоплавающие птицы _jОпределители _yМосква, город _92180015 _3RU\NLR\AUTH\661311021 |
||
| 686 | 1 | _aЕ693.35(2Р-2М)я2 | |
| 702 | 1 |
_aАрсеньева _bЕ. В. _4220 |
|
| 712 | 0 | 2 |
_4570 _a"Лосиный Остров", природный национальный парк _cМосква _3RU\NLR\AUTH\8810031451 _9561528 |
| 801 | 0 |
_aRU _bРГБ _c20160614 _gRCR |
|
| 942 | _cBOOK | ||
| 980 | _aNBR | ||